| 000 | 00622nam a2200205 4500 | ||
|---|---|---|---|
| 001 | 144609 | ||
| 003 | ES-MaACL | ||
| 005 | 20250814063240.0 | ||
| 007 | t| | ||
| 008 | 070214s1957 sp r ||||1| spa d | ||
| 100 | 1 |
_aSimenon, Georges, _d1903-1989 _9106467 |
|
| 245 | 1 | 3 |
_aLa viuda Couderc / _cGeorges Simenon ; traducción de F. Cañameras. |
| 260 |
_aBarcelona : _bAlbor, _c1957. |
||
| 300 |
_a209 p. ; _c17 cm. |
||
| 490 | 1 | _aCol. tarántula | |
| 700 | 1 |
_aCanyameres, Ferran, _d1898-1964 _934731 |
|
| 830 | 0 |
_aCol. tarántula _9187371 |
|
| 852 |
_aES-MaACL _jC-13178 _bR.40896 |
||
| 999 |
_c144609 _d144609 |
||